• 首页
  • 本馆介绍
  • 公告通知
  • 最新文献
  • 馆藏检索
  • 电子资源
  • 读者导购
  • 参考咨询
  • 我的图书馆
  • 登录
  • 详细信息显示
  • 放入我的书架
  • 预约/预借图书
  • 作者相关作品
  • 分类相关作品
  • 丛书相关作品
  • 出版社相关作品

书目信息

  • 表格格式
  • 工作单格式
  • 卡片格式
题名:
城市公共物品安全风险与韧性治理研究
    
 
作者: 何继新 , 韩艳秋 , 荆小莹 著
分册:  
出版信息: 北京   化学工业出版社  2021
页数: 182页
开本: 24cm
丛书名:
单 册:
中图分类: F299.241 , F299.2
科图分类:
主题词: 城市--公共物品--安全管理--研究--中国
电子资源:
ISBN: 978-7-122-39617-4
000 01259nam0 2200265 450
001 2261273503
005 20220929170141.59
010    @a978-7-122-39617-4@dCNY85.00
100    @a20211111d2021 em y0chiy50 ea
101 0  @achi
102    @aCN@b110000
105    @ay z 000yy
200 1  @a城市公共物品安全风险与韧性治理研究@9cheng shi gong gong wu pin an quan feng xian yu ren xing zhi li yan jiu@dResearch on security risk and resilience administration of urban public goods@f何继新,韩艳秋,荆小莹著@zeng
210    @a北京@c化学工业出版社@d2021
215    @a182页@d24cm
330    @a本书通过采取定性与定量相结合的方法,界定城市公共物品安全风险边界,探究城市公共物品安全风险生成路径,探索由城市公共物品韧性功能内容结构、供需视域特征、功能影响因素、功能开发障碍、建设路径等构成的城市公共物品韧性功能建设体系,建构城市公共物品安全风险韧性治理推展框架和治理策略。
510 1  @aResearch on security risk and resilience administration of urban public goods@zeng
606 0  @a城市@x公共物品@x安全管理@x研究@y中国
690    @aF299.241@v5
690    @aF299.2@v4
701  0 @a何继新@9he ji xin@f(1972.9-)@4著
701  0 @a韩艳秋@9han yan qiu@4著
701  0 @a荆小莹@9jing xiao ying@4著
801  0 @aCN@b91MARC@c20211113
905    @aZUCC@dF299.2@e19
    
    城市公共物品安全风险与韧性治理研究=Research on security risk and resilience administration of urban public goods/何继新,韩艳秋,荆小莹著.-北京:化学工业出版社,2021
    182页;24cm
    
    
    ISBN 978-7-122-39617-4:CNY85.00
    本书通过采取定性与定量相结合的方法,界定城市公共物品安全风险边界,探究城市公共物品安全风险生成路径,探索由城市公共物品韧性功能内容结构、供需视域特征、功能影响因素、功能开发障碍、建设路径等构成的城市公共物品韧性功能建设体系,建构城市公共物品安全风险韧性治理推展框架和治理策略。
●
相关链接 在五车中查询图书 在当当中查询图书 在豆瓣中查询图书


正题名:城市公共物品安全风险与韧性治理研究     索取号:F299.2/19         预约/预借

序号 登录号 条形码 馆藏地/架位号 状态 备注
1 2000907202   2000907202   第三书库/ [索取号:F299.2/19] 在馆    
2 2000907203   2000907203   第三书库/ [索取号:F299.2/19] 在馆    
3 2000907204   2000907204   第三书库/ [索取号:F299.2/19] 在馆    
山东省滨州职业学院图书馆 欢迎您!
大连网信软件有限公司© 版权所有